Eastern Utah Libraries Catalog: Duchesne, Heber, Roosevelt, & Vernal

Valley of silence / (Record no. 379151)

MARC details
000 -LEADER
fixed length control field 00767cam a2200265Ia 4500
001 - CONTROL NUMBER
control field ocm73722750
003 - CONTROL NUMBER IDENTIFIER
control field OCoLC
005 - DATE AND TIME OF LATEST TRANSACTION
control field 20221130071908.0
008 - FIXED-LENGTH DATA ELEMENTS--GENERAL INFORMATION
fixed length control field 091224s2010 nyu 000 f eng
020 ## - INTERNATIONAL STANDARD BOOK NUMBER
International Standard Book Number 0515141674
040 ## - CATALOGING SOURCE
Original cataloging agency GEC
Transcribing agency GEC
Modifying agency BAKER
-- UINTA
Description conventions rda
092 ## - LOCALLY ASSIGNED DEWEY CALL NUMBER (OCLC)
Classification number F Roberts
092 ## - LOCALLY ASSIGNED DEWEY CALL NUMBER (OCLC)
Classification number F Roberts
100 1# - MAIN ENTRY--PERSONAL NAME
Personal name Roberts, Nora.
9 (RLIN) 21076
Relator term author
245 10 - TITLE STATEMENT
Title Valley of silence /
Statement of responsibility, etc Nora Roberts.
260 ## - PUBLICATION, DISTRIBUTION, ETC. (IMPRINT)
Place of publication, distribution, etc New York :
Name of publisher, distributor, etc Jove Books,
Date of publication, distribution, etc c2006.
264 #1 - Production, Publication, Distribution, Manufacture, and Copyright Notice.
Place of production, publication, distribution, manufacture New York, NY :
Name of producer, publisher, distributor, manufacturer Jove Books,
Date of production, publication, distribution, manufacture, or copyr c2006.
336 ## - Content Type
Content type term text
337 ## - Media type
Media type term unmediated
338 ## - Carrier type
Carrier type term volume
490 0# - SERIES STATEMENT
Series statement The circle trilogy ;
Volume number/sequential designation 3
650 #0 - SUBJECT ADDED ENTRY--TOPICAL TERM
Topical term or geographic name as entry element Vampires
Form subdivision Fiction.
9 (RLIN) 5674241
655 #0 - INDEX TERM--GENRE/FORM
Genre/form data or focus term Occult fiction.
9 (RLIN) 6164602
942 ## - ADDED ENTRY ELEMENTS (KOHA)
Koha item type BOOK
Source of classification or shelving scheme Dewey Decimal Classification
Holdings
Withdrawn status Lost status Source of classification or shelving scheme Damaged status Not for loan Collection code Home library Current library Shelving location Date acquired Source of acquisition Total Checkouts Full call number Barcode Date last seen Cost, replacement price Price effective from Koha item type Total Renewals Checked out Date checked out
    Dewey Decimal Classification     Fiction Wasatch County Library Wasatch County Library First Floor 11/30/2022 Donation   F Roberts 34301001535816 02/16/2024 7.99 11/30/2022 BOOK      
    Dewey Decimal Classification     Fiction Wasatch County Library Wasatch County Library First Floor 11/30/2022 Donation 2 F Roberts 34301001340977 01/17/2026 25.00 11/30/2022 BOOK 3 03/16/2026 01/17/2026
This project was made possible through a grant from the Institute of Museum and Library Service administered by the Utah State Library Division.

Wasatch County Library

  • 465 East 1200 South, Heber City, Utah 84032
  • Phone 435-654-1511 | Fax 435-654-6456

Hours

  • Monday - Friday 9:30 AM - 8:00 PM
  • Saturday 9:30 AM - 1:30 PM
  • Closed Sundays and Holidays